Banking English

Shranjeno v:
Bibliografske podrobnosti
Format: Knjiga
Izdano: 2008
Oznake: Označite
Brez oznak, prvi označite!
Thư viện lưu trữ: Mạng thư viện Đại học Đà Nẵng
LEADER 00425nam a22001811a 4500
001 000038431
003 14726
005 20160412021311.0
008 160412s2008 000
082 |a 4A(07)2540 
245 |a Banking English  |c Juline Pratten 
260 |c 2008 
OWN |a LNN 
999 |a From the UDN01 
TYP |a Monograph 
980 |a Mạng thư viện Đại học Đà Nẵng